000 00616nam a2200229Ia 4500
003 OSt
005 20221007071358.0
006 a|||||r|||| 00| 0
007 ta
008 221006b |||||||| |||| 00| 0 eng d
024 _a27,603
037 _cTextual
040 _aFLL
_cFLL
_beng
041 _2eng
_aeng
082 _aZ678:121, K3
100 _aFarran C.D'Olivier
_9688639
245 0 _aMatrimonial laws of the Sudan
260 _aLondon
_bButterworths London
_c1963
300 _axvi,325p
_ccm.
942 _hZ678:121, K3
_cTEXL
_2CC
999 _c1143196
_d1143196